The Aral Sea Basin : Water for Sustainable Development in Central Asia (Record no. 90780)

MARC details
000 -LEADER
fixed length control field 02277nam a2200217Ia 4500
000 - LEADER
fixed length control field 02960naaa 00421uu
001 - CONTROL NUMBER
control field https://directory.doabooks.org/handle/20.500.12854/32537
008 - FIXED-LENGTH DATA ELEMENTS--GENERAL INFORMATION
fixed length control field 211013s9999 xx 000 0 und d
042 ## - AUTHENTICATION CODE
Authentication code dc
100 1# - MAIN ENTRY--PERSONAL NAME
Personal name Xenarios, Stefanos
245 #4 - TITLE STATEMENT
Title The Aral Sea Basin : Water for Sustainable Development in Central Asia
260 ## - PUBLICATION, DISTRIBUTION, ETC.
Name of publisher, distributor, etc. Taylor & Francis
Date of publication, distribution, etc. 2019
300 ## - PHYSICAL DESCRIPTION
Extent 1 electronic resource (228 p.)
520 ## - SUMMARY, ETC.
Summary, etc. This book offers the first multidisciplinary overview of water resources issues and management in the Aral Sea Basin, covering both the Amu Darya and Syr Darya River Basins. The two main rivers of Amu Darya and Syr Darya and their tributaries comprise the Aral Sea Basin area and are the lifeline for about 70 million inhabitants in Central Asia. Written by regional and international experts, this book critically examines the current state, trends and future of water resources management and development in this major part of the Central Asia region. It brings together insights on the history of water management in the region, surface and groundwater assessment, issues of transboundary water management and environmental degradation and restoration, and an overview of the importance of water for the key economic sectors and overall socio-economic development of Central Asian countries, as well as of hydro politics in the region. The book also focusses on the future of water sector development in the Basin, including a review of local and international actors, as well as an analysis of the current status and progress towards the Sustainable Development Goals by Basin countries. The book will be essential reading for those interested in sea basin management, environmental policy in Central Asia and water resource management more widely. It will also act as a reference source for decision-makers in state agencies, as well as a background source of information for NGOs.
540 ## - TERMS GOVERNING USE AND REPRODUCTION NOTE
Terms governing use and reproduction All rights reserved
653 ## - INDEX TERM--UNCONTROLLED
Uncontrolled term water resources
700 1# - ADDED ENTRY--PERSONAL NAME
Personal name Schmidt-Vogt, Dietrich
856 ## - ELECTRONIC LOCATION AND ACCESS
Uniform Resource Identifier <a href="https://docs.google.com/spreadsheets/d/1yKIrdCPDAG_9c22mwoOIO2DOhtj65Wqa/edit?usp=sharing&ouid=106555315294820607512&rtpof=true&sd=true ">https://docs.google.com/spreadsheets/d/1yKIrdCPDAG_9c22mwoOIO2DOhtj65Wqa/edit?usp=sharing&ouid=106555315294820607512&rtpof=true&sd=true </a>
Link text List of Curated E-Books
942 ## - ADDED ENTRY ELEMENTS (KOHA)
Koha item type E-Book

No items available.

University of Rizal System
Email us at univlibservices@urs.edu.ph

Visit our Website www.urs.edu.ph/library